Архитектура ЭВМ и операционные среды: учебник

Bibliografiske detaljer
Hovedforfatter: Баула В. Г. Владимир Георгиевич
Andre forfattere: Томилин А. Н. Александр Николаевич, Волканов Д. Ю. Дмитрий Юрьевич
Summary:Учебник создан в соответствии с Федеральным государственным образовательным стандартом по направлениям подготовки "Прикладная математика и информатика", "Фундаментальная информатика и информационные технологии" (квалификация "бакалавр"). Приведены необходимые сведения по основам архитектур ЭВМ и операционным средам. Под операционной средой понимается совокупность аппаратуры ЭВМ и системы программирования. Кроме того, рассмотрены основы программирования на языке Ассемблер, а также способы отображения структур данных и структур управления языка высокого уровня (Паскаля) на язык Ассемблера. Для студентов учреждений высшего профессионального образования. Может быть использован также для самостоятельного изучения основ архитектуры ЭВМ и систем программирования.
Sprog:russisk
Udgivet: Москва, Академия, 2011
Serier:Высшее профессиональное образование. Прикладная математика и информатика
Бакалавриат
Fag:
Format: MixedMaterials Bog
KOHA link:https://koha.lib.tpu.ru/cgi-bin/koha/opac-detail.pl?biblionumber=208837

MARC

LEADER 00000nam0a2200000 4500
001 208837
005 20231101225506.0
010 |a 9785769581434 
035 |a (RuTPU)RU\TPU\book\228080 
090 |a 208837 
100 |a 20120206d2011 m y0rusy50 ca 
101 0 |a rus 
102 |a RU 
105 |a a j 001zy 
200 1 |a Архитектура ЭВМ и операционные среды  |e учебник  |f В. Г. Баула, А. Н. Томилин, Д. Ю. Волканов 
210 |a Москва  |c Академия  |d 2011 
215 |a 336 с.  |c ил. 
225 1 |a Высшее профессиональное образование. Прикладная математика и информатика 
225 1 |a Бакалавриат 
320 |a Библиогр.: с. 334. 
330 |a Учебник создан в соответствии с Федеральным государственным образовательным стандартом по направлениям подготовки "Прикладная математика и информатика", "Фундаментальная информатика и информационные технологии" (квалификация "бакалавр"). Приведены необходимые сведения по основам архитектур ЭВМ и операционным средам. Под операционной средой понимается совокупность аппаратуры ЭВМ и системы программирования. Кроме того, рассмотрены основы программирования на языке Ассемблер, а также способы отображения структур данных и структур управления языка высокого уровня (Паскаля) на язык Ассемблера. Для студентов учреждений высшего профессионального образования. Может быть использован также для самостоятельного изучения основ архитектуры ЭВМ и систем программирования. 
606 1 |a Архитектура вычислительных машин  |2 stltpush  |3 (RuTPU)RU\TPU\subj\71282  |9 85250 
610 1 |a ЭВМ 
610 1 |a электронно-вычислительные машины 
610 1 |a машина Неймана 
610 1 |a языки программирования 
610 1 |a Ассемблер 
610 1 |a модульное программирование 
610 1 |a архитектурные особенности 
610 1 |a учебники 
675 |a 004.2(075.8)  |v 4 
700 1 |a Баула  |b В. Г.  |g Владимир Георгиевич 
701 1 |a Томилин  |b А. Н.  |g Александр Николаевич 
701 1 |a Волканов  |b Д. Ю.  |g Дмитрий Юрьевич 
801 1 |a RU  |b 63413507  |c 20120206 
801 2 |a RU  |b 63413507  |c 20150421  |g RCR 
900 |a Архитектура вычислительных систем и компьютерных сетей 
942 |c BK 
951 |b 010400  |b 010300 
959 |a 16/20120206  |d 2  |e 513,00  |f ЧЗТЛ:1  |f АНЛ:1